Die 158 besten Sportler aller Zeiten - Statistiken

Allgemein
  • Dieses Quiz wurde 278 mal gespielt
  • Das Durchschnittsergebnis liegt bei 39 aus 158
Antwortstatistiken
Sportart 🚩 Initialen Sportler % Korrekt
⚽ Fußball 🇵🇹 C. R. Cristiano Ronaldo
96%
⚽ Fußball 🇦🇷 L. M. Lionel Messi
95%
⚽ Fußball 🇧🇷 R. Ronaldo
95%
🏸 Badminton 🇨🇳 D. L. Dan Lin
88%
⚽ Fußball 🇧🇷 P. Pelé
80%
🎾 Tennis 🇨🇭 R. F. Roger Federer
80%
🏊🏻 Schwimmen 🇺🇸 D. S. Don Schollander
78%
🎾 Tennis 🇪🇸 R. N. Rafael Nadal
76%
⚽ Fußball 🇫🇷 Z. Z. Zinedine Zidane
76%
⚽ Fußball 🇦🇷 D. M. Diego Maradona
75%
🏃🏾 Sprint 🇯🇲 U. B. Usain Bolt
73%
🏀 Basketball 🇺🇸 L. J. LeBron James
70%
🏀 Basketball 🇺🇸 M. J. Michael Jordan
70%
🏈 American Football 🇺🇸 T. B. Tom Brady
69%
🏌🏿 Golf 🇺🇸 T. W. Tiger Woods
65%
🥊 Boxen 🇺🇸 M. A. Muhammad Ali | Cassius Clay
64%
🏊🏻 Schwimmen 🇺🇸 M. P. Michael Phelps
63%
🏎️ Formel 1 🇦🇹 N. L. Nikki Lauda
61%
⚽ Fußball 🇳🇱 J. C. Johan Cruyff
60%
♟️Schach 🇳🇴 M. C. Magnus Carlsen
59%
🏃🏻 Leichtathletik 🇺🇸 C. L. Carl Lewis
56%
⚽ Fußball 🇭🇺 F. P. Ferenc Puskás
56%
⚽ Fußball (Torhüter) 🇷🇺 L. J. Lew Jaschin
56%
🏃🏻 Leichtathletik 🇺🇸 J. T. James Thorpe
55%
🏎️ Formel 1 🇧🇷 A. S. Ayrton Senna
54%
🎯 Dart 🏴󠁧󠁢󠁥󠁮󠁧󠁿 P. T. Phil Taylor
53%
🥊 Boxen 🇺🇦 V. K. Vitali Klitschko
52%
🥊 Boxen 🇺🇦 W. K. Wladimir Klitschko
52%
🏀 Basketball 🇺🇸 K. B. Kobe Bryant
50%
🥊 Boxen 🇺🇸 M. T. Mike Tyson
49%
🎾 Tennis 🇺🇸 A. A. Andre Agassi
46%
♟️ Schach 🇷🇺 G. K. Garri Kasparov
44%
⚽ Fußball 🇫🇷 M. P. Michel Platini
44%
🎾 Tennis 🇺🇸 J. M. John McEnroe
42%
🏃‍♀️ Biathlon 🇳🇴 O. E. B. Ole Einar Bjørndalen
42%
🏊🏻 Schwimmen 🇺🇸 R. L. Ryan Lochte
42%
⚽ Fußball 🇧🇷 Z. Zico
42%
🎾 Tennis 🇷🇸 N. D. Novak Dokovic
41%
🚴 Radsport 🇺🇸 L. A. Lance Armstrong
39%
🎿 Ski - Alpin 🇦🇹 M. H. Marcel Hirscher
38%
🎾 Tennis 🇺🇸 P. S. Pete Sampras
38%
🎾 Tennis 🇸🇪 B. B. Björn Borg
37%
⚽ Fußball 🇮🇹 P. R. Paolo Rossi
37%
⛷️ Skispringen 🇨🇭 S. A. Simon Ammann
37%
⚽ Fußball 🇮🇹 D. Z. Dino Zoff
36%
🏎️ Formel 1 🇫🇷 A. P. Alain Prost
35%
🏊🏻 Freistilschwimmen 🇦🇺 I. T. Ian Thorpe
34%
⛷️ Skispringen 🇫🇮 J. A. Janne Ahonen
34%
🏒 Eishockey 🇨🇦 W. G. Wayne Gretzky
34%
🎾 Tennis 🇨🇿 🇺🇸 I. L. Ivan Lendl
32%
🏊🏻 Schwimmen 🇺🇸 M. S. Mark Spitz
32%
♟️ Schach 🇺🇸 B. F. Bobby Fischer
30%
🧗🏻Bergsteigen 🇮🇹 R. M. Reinhold Messner
30%
🎿 Skispringen 🇦🇹 T. M. Thomas Morgenstern
29%
⚽ Fußball 🏴󠁧󠁢󠁥󠁮󠁧󠁿 B. C. Bobby Charlton
28%
🎿 Ski - Alpin 🇦🇹 H. M. Hermann Maier
28%
🏎️ Autorennen 🇦🇷 J. M. F. J. Manuel Fangio
27%
⚽ Fußball 🇧🇷 G. Garrincha
25%
⚽ Fußball 🏴󠁧󠁢󠁥󠁮󠁧󠁿 A. S. Alan Shearer
24%
🎿 Ski - Alpin 🇮🇹 A. T. Alberto Tomba
24%
⚽ Fußball 🇦🇷 A. D. S. Alfredo Di Stefano
24%
🏀 Basketball 🇺🇸 E. J. Earvin Johnson
24%
🏊 Schwimmen 🇺🇸 M. B. Matt Biondi
24%
🚲 Radrennen 🇧🇪 E. M. Eddy Merckx
23%
🥊 Boxen 🇺🇸 J. J. Jack Johnson
23%
🎿 Skispringen 🇯🇵 R. K. Ryóyú Kobayashi
23%
🏂🏼 Snowboard & Skateboard 🇺🇸 S. W. Shaun White
22%
🏀 Basketball 🇺🇸 L. B. Larry Bird
21%
🏀 Basketball 🇺🇸 S. O. Shaquille O'Neill
21%
🥊 Boxen 🇺🇸 F. M. Jr. Floyd Mayweather Jr.
20%
🎿 Ski - Alpin 🇸🇪 I. S. Ingemar Stenmark
20%
🎿 Skirennen 🇨🇭 M. O. Marco Odermatt
20%
⚽ Fußball 🇦🇷 M. K. Mario Kempes
20%
🎿 Ski - Alpin 🇨🇭 P. Z. Pirmin Zurbriggen
20%
⛷️ Ski - Alpin 🇳🇴 K. A. A. Kjetil André Aamodt
19%
🎿 Ski - Alpin 🇦🇹 M. G. Marc Girardelli
19%
🥊 Boxen 🇺🇸 G. F. George Foreman
18%
🎾 Tennis 🇺🇸 J. C. Jimmy Connors
18%
🏈 American Football 🇺🇸 J. M. Joe Montana
17%
🥊 Boxen 🇺🇸 S. R. R. Sugar Ray Robinson
17%
♟️ Schach 🇷🇺 A. K. Anatoli Karpow
16%
⚾ Baseball 🇺🇸 G. R. George "Baby" Ruth
16%
🚲 Radrennen 🇪🇸 M. I. Miguel Induráin
16%
🎿 Ski - Alpin 🇫🇷 J. - C. K. Jean - Claude Killy
15%
🏃🏻 Leichtathletik 🇺🇸 J. O. Jesse Owens
15%
🎿 Ski - Alpin 🇦🇹 K. S. Karl Schranz
15%
Hochsprung 🇺🇸 D. F. Dick Fosbury
14%
🎿 Skispringen 🇫🇮 M. N. Matti Nykänen
14%
🏀 Basketball 🇺🇸 S. P. Scottie Pippen
14%
🚲 Radrennen 🇫🇷 B. H. Bernard Hinault
13%
🎿 Nordische Kombination 🇦🇹 F. G. Felix Gottwald
12%
🏃🏻 Leichtathletik 🇫🇮 P. N. Paavo Nurmi
12%
🎱 Snooker 🏴󠁧󠁢󠁳󠁣󠁴󠁿 S. H. Stephen Hendry
12%
🏃‍♀️ Weitsprung 🇺🇸 B. B. Bob Beamon
11%
🏃‍♂️Leichtathletik 🇺🇦 S. B. Sergej Bubka
10%
🚲 Bahnradsport 🏴󠁧󠁢󠁳󠁣󠁴󠁿 C. H. Chris Hoy
9%
🥊 Boxen 🇺🇸 J. F. Joe Frazier
9%
🏒 Eishockey 🇨🇦 M. L. Mario Lemieux
9%
🥊 Boxen 🇺🇸 E. H. Evander Holyfield
8%
🎿 Ski - Alpin 🇦🇹 T. S. Toni Sailer
8%
♟️ Schach 🇷🇺 A. A. Alexander Aljechin
7%
🏌🏻 Golf 🇺🇸 B. J. Bobby Jones
7%
♟️ Schach 🇷🇺 B. S. Boris Spasski
7%
🏃🏻‍♂️ Leichtathletik & Langstreckenlauf 🇨🇿 E. Z. Emil Zatopek
7%
🎾 Tennis & Tischtennis 🏴󠁧󠁢󠁥󠁮󠁧󠁿 F. P. Fred Perry
7%
🥊 Boxen 🇺🇸 J. L. Joe Louis
7%
🥊 Boxen 🇵🇭 M. P. Manny Pacquiao
7%
🎿 Skilanglauf 🇳🇴 B. D. Bjørn Dæhlie
6%
🏍️ Motorradrennen 🇮🇹 G. A. Giacomo Agostini
6%
🏌🏻 Golf 🇺🇸 J. N. Jack Nicklaus
6%
⚾ Baseball 🇺🇸 J. D.M. Joe DiMaggio
6%
🏃🏻 Weit,- & Dreisprung 🇵🇱 🇺🇸 M. P. Meyer Prinstein
6%
🏃🏻 Mittelstreckenlauf 🇳🇿 P. S. Peter Snell
5%
💿 Diskuswerfen 🇺🇸 A. A. O. Alfred Adolf Oerter
4%
🏌🏻 Golf 🇺🇸 A. P. Arnold Palmer
4%
⚾ Baseball 🇺🇸 B. B. Barry Bonds
4%
⛸️ Eisschnelllauf 🇺🇸 E. H. Eric Heiden
4%
🏌🏻 Golf 🇿🇦 G. P. Gary Player
4%
🏃🏻 Langstreckenlauf &Marathon 🇪🇹 H. G. Haile Gebrselassie
4%
⚽ Fußball 🇺🇾 J. L. A. José Leandro Andrade
4%
⛸️ Eiskunstlauf 🇺🇸 R. B. Richard Button
4%
🏀 Basketball 🇺🇸 B. R. Bill Russell
3%
🏐 Beach,- Volleyball 🇺🇸 C. "K." K. Charles "Karch" Kiraly
3%
🏃🏻 Leichtathletik 🇺🇸 E. M. Edwin Moses
3%
🏊🏻 Schwimmen 🇺🇸 J. W. Johnny Weissmüller
3%
🏄🏻 Surfen 🇺🇸 K. S. Kelly Slater
3%
🏋🏼‍♂️ Gewichtheben 🇷🇺 J. W. Juri Wlassow
2%
🎱 Billard 🇧🇪 R. C. Raymond Ceulemans
2%
🏄🏻 Windsurfen 🇺🇸 R. N. Robby Naish
2%
🥊 Boxen 🇺🇸 R. M. Rocky Marciano
2%
🏃‍♂️ Marathon 🇪🇹 A. B. Abebe Bikila
1%
🏄🏾⛵ Surfen & Segeln 🇩🇰 B. D. Björn Dunkerbeck
1%
Tischfußball 🇧🇪 F. C. Frédéric Collignon
1%
🏃🏻 Langstreckenlauf 🇫🇮 H. K. "Hannes" Kolehmainen
1%
🏹 Bogenschießen 🇧🇪 H. V. I. Hubert Van Innis
1%
🏃🏼‍♂️ 10 Tsd. Meter - Lauf 🇫🇮 L. V. Lasse Virén
1%
🤸🏻 Turnen 🇯🇵 T. O. Takashi Ono
1%
⛸️ Eiskunstlauf 🇸🇪 U. S. Ulrich Salchow
1%
🤸🏼‍♂️Geräteturnen 🇷🇺 W. T. Wiktor Tschukarin
1%
🤺 Fechten 🇭🇺 A. G. Aladár Gerevich
0%
🏃🏻 Leichtathletik 🇺🇸 A. K. Alvin Kraenzlein
0%
🎾 Tennis 🇺🇸 B. T. Bill Tilden
0%
🏈 American Football 🇺🇸 B. H. Bob Hayes
0%
🤸🏻 Kunstturnen 🇷🇺 B. S. Boris Schachlin
0%
🏄🏻 Schwimmen & Surfen 🇺🇸 D. K. Duke Kahanamoku
0%
🤺 Fechten 🇮🇹 E. M. Edoardo Mangiarotti
0%
⛸️ Eiskunstlauf 🇸🇪 G. G. Gillis Grafström
0%
🥊 Boxen 🇺🇸 J. D. Jack Dempsey
0%
⚽ Fußball 🏴󠁧󠁢󠁥󠁮󠁧󠁿 J. G. Jimmy Greaves
0%
🏃 Leichtathletik 🇰🇪 K. K. Kipchogo Keino
0%
🤸🏼‍♂️ Kunstturnen 🇯🇵 K. U. Kohei Uchimura
0%
🤸 Kunstturnen 🇷🇺 N. A. Nikolai Adrianow
0%
🔫 Sportschütze 🇸🇪 O. S. Oscar Swahn
0%
🏃🏻Leichtathletik 🇺🇸 R. E. Raymond Ewry
0%
🤸🏻 Kunstturnen 🇯🇵 S. K. Sawao Kato
0%
🎿 Ski - Alpin 🇦🇹 T. S. Toni Seelos
0%
🏃🏻 Langstreckenlauf 🇫🇮 V. R. Ville Ritola
0%
🛶 Rudern 🇷🇺 W. I. Wjatscheslaw Iwanow
0%
Keine übereinstimmenden Quizze gefunden
Verteilung der Resultate
Anzahl Personen mit jedem Resultat
Perzentil nach korrekt beantworteten Fragen
Ihre Resultats-Entwicklung
Sie haben dieses Quiz noch nicht gespielt